[Event "Leiden LCT op-B 09th"]
[Site "Leiden"]
[Date "2015.07.25"]
[Round "8"]
[White "De Ruiter, Thomas"]
[Black "Stokes, Paul C"]
[Result "1/2-1/2"]
[WhiteElo "1817"]
[BlackElo "1921"]
[PlyCount "85"]
[EventDate "2015.07.17"]
[EventType "swiss"]
[EventRounds "9"]
[EventCountry "NED"]
[SourceTitle "EXT 2023"]
[Source "ChessBase"]
[SourceDate "2022.10.05"]
[SourceVersion "1"]
[SourceVersionDate "2022.10.05"]
[SourceQuality "1"]

1. e4 c6 2. Nf3 d5 3. Nc3 Bg4 4. h3 Bxf3 5. Qxf3 e6 6. exd5 cxd5 7. Bb5+ Nc6 8. 0-0 Nf6 9. Ne2 Bd6 10. c3 0-0 11. d4 a6 12. Bd3 b5 13. Bg5 Be7 14. Nf4 b4 15. Qe3 Qd7 16. Qg3 g6 17. Bh6 Bd6 18. Bxf8 Kxf8 19. Qg5 Kg7 20. Ne2 a5 21. f4 h6 22. Qh4 Be7 23. f5 gxf5 24. Ng3 Ne4 25. Nh5+ Kg6 26. Nf4+ Kh7 27. Qh5 Bf6 28. Ne2 Rg8 29. Rf4 Rg5 30. Qf3 Qd8 31. h4 Rg6 32. Bxe4 dxe4 33. Qh5 Qg8 34. g3 bxc3 35. bxc3 Nxd4 36. cxd4 Rxg3+ 37. Kf2 Bxd4+ 38. Nxd4 Rg2+ 39. Ke3 Qg3+ 40. Rf3 exf3 41. Qxf7+ Kh8 42. Qf6+ Kh7 43. Qf7+ 1/2-1/2

[Event "Leiden LCT op-B 09th"]
[Site "Leiden"]
[Date "2015.07.17"]
[Round "1"]
[White "Boeters, Stefan"]
[Black "De Ruiter, Thomas"]
[Result "0-1"]
[WhiteElo "1965"]
[BlackElo "1817"]
[PlyCount "88"]
[EventDate "2015.07.17"]
[EventType "swiss"]
[EventRounds "9"]
[EventCountry "NED"]
[SourceTitle "EXT 2023"]
[Source "ChessBase"]
[SourceDate "2022.10.05"]
[SourceVersion "1"]
[SourceVersionDate "2022.10.05"]
[SourceQuality "1"]

1. c4 Nf6 2. Nc3 c5 3. g3 d5 4. cxd5 Nxd5 5. Bg2 Nxc3 6. bxc3 g6 7. Rb1 Qc7 8. Nh3 Bg7 9. 0-0 0-0 10. d4 Nc6 11. d5 Rd8 12. e4 Bxc3 13. Be3 Nd4 14. Nf4 Qa5 15. Ne2 Nxe2+ 16. Qxe2 b6 17. Rfc1 Ba6 18. Qc2 Bd4 19. Bxd4 cxd4 20. Rd1 Rac8 21. Qb2 Qc3 22. Bh3 Qxb2 23. Rxb2 Rc3 24. Rbd2 d3 25. Bf1 Rc2 26. Bxd3 Bxd3 27. Rxd3 Rxa2 28. Rc3 Rd7 29. Kg2 b5 30. Rc8+ Kg7 31. Rb8 Rb2 32. Rc1 a6 33. g4 b4 34. g5 h6 35. h4 hxg5 36. hxg5 f6 37. gxf6+ Kxf6 38. Rc6+ Rd6 39. Rbb6 Ke5 40. Rxd6 exd6 41. Rxa6 Re2 42. Rb6 Rxe4 43. Rb5 Rc4 44. Kf3 Kd4 0-1